[Event "Rouen op 9th"]
[Site "Rouen"]
[Date "2016.12.20"]
[Round "7"]
[White "Blondel, Jean Michel"]
[Black "Rocher, Elian"]
[Result "1-0"]
[WhiteElo "1369"]
[BlackElo "1450"]
[PlyCount "74"]
[EventDate "2016.12.17"]
[EventType "swiss"]
[EventRounds "7"]
[EventCountry "FRA"]
[SourceTitle "CBM 176 Extra"]
[Source "ChessBase"]
[SourceDate "2017.03.02"]
[SourceVersion "1"]
[SourceVersionDate "2017.03.02"]
[SourceQuality "1"]

1. e4 e5 2. Nf3 Nc6 3. Nc3 Bc5 4. a3 a6 5. Be2 Nf6 6. 0-0 0-0 7. d3 d6 8. Bg5 h6 9. Bh4 Be6 10. h3 Nd4 11. Nxd4 Bxd4 12. Qd2 Bxc3 13. Qxc3 Nxe4 14. dxe4 Qxh4 15. Qxc7 Qd8 16. Qxb7 Qc8 17. Qxc8 Rfxc8 18. c3 Bb3 19. Bd1 Bc4 20. Re1 Rcb8 21. b4 Rc8 22. Rc1 a5 23. Be2 Bxe2 24. Rxe2 axb4 25. axb4 Ra3 26. Rec2 Rb3 27. f3 Kf8 28. Kf2 Ke7 29. Ke2 Ke6 30. Kd2 d5 31. exd5+ Kxd5 32. Ra1 Ke6 33. Ra5 Rd8+ 34. Kc1 Rd3 35. Rc5 Rd5 36. Rxd5 Kxd5 37. Rd2+ Kc4 1-0